Viability of Indian cities and spread of Covid-19: Case of tier-1 cities (Record no. 519221)

000 -LEADER
fixed length control field 01758nam a22001577a 4500
008 - FIXED-LENGTH DATA ELEMENTS--GENERAL INFORMATION
fixed length control field 220215b ||||| |||| 00| 0 eng d
100 ## - MAIN ENTRY--PERSONAL NAME
Personal name Lata, K., Thapa, K. and Rajput, A.S.
245 ## - TITLE STATEMENT
Title Viability of Indian cities and spread of Covid-19: Case of tier-1 cities
260 ## - PUBLICATION, DISTRIBUTION, ETC. (IMPRINT)
Place of publication, distribution, etc Indian Journal of Public Administration
300 ## - PHYSICAL DESCRIPTION
Extent 67(3), Sep, 2021: p.365-382
520 ## - SUMMARY, ETC.
Summary, etc Cities are widely considered to be the engines of economic growth, as they contribute for more than 70% of global economy. However, the haphazard urbanisation trends are today resulting in widespread problems of urban sprawl, pollution, housing, crime and disaster and so on. While India is one of the least urbanised large developing countries of the world, the country is witnessing rapid urbanisation (projected to add 404 million of urban population by 2050). However, the associated problems are impacting the liveability of the cities in India. In light of that, this study aims to evaluate the liveability of Tier-1 cities of India. In reference to the existing literature, eleven key indicators have been identified for the evaluation of liveability. For the ease of analysis, these indicators are broadly clustered under five categories, that is, health, environment, transport, geography and socio-economy. The correlation analysis between the indicators and the number of Covid-19 cases in selected cities of India reveal a significant relationship between the individual categories such as ‘quality of life’ and ‘health index’. – Reproduced
650 ## - SUBJECT ADDED ENTRY--TOPICAL TERM
Topical term or geographic name as entry element Urbanisation, Tier-1 Indian cities, Covid-19, Liveability, Liveability rating index
9 (RLIN) 29898
773 ## - HOST ITEM ENTRY
Main entry heading Indian Journal of Public Administration
906 ## - LOCAL DATA ELEMENT F, LDF (RLIN)
Subject DIP URBAN DEVELOPMENT
942 ## - ADDED ENTRY ELEMENTS (KOHA)
Item type Articles
Holdings
Withdrawn status Lost status Source of classification or shelving scheme Damaged status Not for loan Permanent location Current location Date acquired Serial Enumeration / chronology Barcode Date last seen Koha item type
          Indian Institute of Public Administration Indian Institute of Public Administration 2022-02-15 67(3), Sep, 2021: p.365-382 AR126252 2022-02-15 Articles

Powered by Koha